<?xml version="1.0" encoding="UTF-8"?>
<record
    xmlns:xsi="http://www.w3.org/2001/XMLSchema-instance"
    xsi:schemaLocation="http://www.loc.gov/MARC21/slim http://www.loc.gov/standards/marcxml/schema/MARC21slim.xsd"
    xmlns="http://www.loc.gov/MARC21/slim">

  <leader>01700nam a2200265 a 4500</leader>
  <controlfield tag="003">DO-SdBNP</controlfield>
  <controlfield tag="005">20250522113441.0</controlfield>
  <controlfield tag="007">ta</controlfield>
  <controlfield tag="008">220509e2019    dr ao||er|||| 001 0 spa d</controlfield>
  <datafield tag="040" ind1=" " ind2=" ">
    <subfield code="a">DO-SdBNP</subfield>
    <subfield code="b">spa</subfield>
    <subfield code="c">BNPHU</subfield>
    <subfield code="e">rda</subfield>
  </datafield>
  <datafield tag="082" ind1=" " ind2="4">
    <subfield code="2">22</subfield>
    <subfield code="b">P969g</subfield>
  </datafield>
  <datafield tag="245" ind1="0" ind2="4">
    <subfield code="a">Proyecto, "gesti&#xF3;n municipal participativa: </subfield>
    <subfield code="b">inclusi&#xF3;n del enfoque de derechos de la ni&#xF1;ez en la administraci&#xF3;n p&#xFA;blica local del Gran Santo Domingo /</subfield>
    <subfield code="c">fotograf&#xED;a, Michelle Pues&#xE1;n</subfield>
  </datafield>
  <datafield tag="246" ind1="1" ind2="0">
    <subfield code="a">Gu&#xED;a sobre derechos de la ni&#xF1;ez en la gesti&#xF3;n p&#xFA;blica, marco legal, roles, pol&#xED;ticas inclusivas y participaci&#xF3;n social dirigido a autoridades locales e instancias garantes.</subfield>
  </datafield>
  <datafield tag="264" ind1=" " ind2="1">
    <subfield code="a">[Santo Domingo] :</subfield>
    <subfield code="b">Save the Children, </subfield>
    <subfield code="c">2019</subfield>
  </datafield>
  <datafield tag="300" ind1=" " ind2=" ">
    <subfield code="a">74 paginas :</subfield>
    <subfield code="b">ilustraciones, fotograf&#xED;as,</subfield>
    <subfield code="c">28 cm.</subfield>
  </datafield>
  <datafield tag="336" ind1=" " ind2=" ">
    <subfield code="2">rdacontent</subfield>
    <subfield code="a">texto</subfield>
    <subfield code="b">txt</subfield>
  </datafield>
  <datafield tag="337" ind1=" " ind2=" ">
    <subfield code="2">rdamedia</subfield>
    <subfield code="a">sin mediaci&#xF3;n</subfield>
    <subfield code="b">n</subfield>
  </datafield>
  <datafield tag="338" ind1=" " ind2=" ">
    <subfield code="2">rdacarrier</subfield>
    <subfield code="a">volumen</subfield>
    <subfield code="b">nc</subfield>
  </datafield>
  <datafield tag="505" ind1=" " ind2=" ">
    <subfield code="t">1. Antecedentes.--</subfield>
    <subfield code="t">2. Derechos de la ni&#xF1;ez: Marco legal nacional e internacional.--</subfield>
    <subfield code="t">3. Instancias garantes de los derechos de ni&#xF1;os, ni&#xF1;as y adolescentes.--</subfield>
    <subfield code="t">4. Gesti&#xF3;n P&#xFA;blica con enfoque de los derechos de la ni&#xF1;ez.--</subfield>
    <subfield code="t">5. Participaci&#xF3;n de ni&#xF1;os, ni&#xF1;as y adolescentes.--</subfield>
    <subfield code="t">6. Control social y veedur&#xED;a.--</subfield>
    <subfield code="t">7. Derechos de la ni&#xF1;ez e inclusi&#xF3;n social.--</subfield>
    <subfield code="t">8. Pol&#xED;tica de inclusi&#xF3;n de ni&#xF1;os, ni&#xF1;as y adolescentes.--</subfield>
    <subfield code="t">9. G&#xE9;nero y derechos de la ni&#xF1;ez.--</subfield>
    <subfield code="t">10. Discapacidad en ni&#xF1;os, ni&#xF1;as y adolescentes.--</subfield>
    <subfield code="t">11. Mecanismo de no discriminaci&#xF3;n.--</subfield>
    <subfield code="t">12. Referencias bibliogr&#xE1;ficas.</subfield>
  </datafield>
  <datafield tag="590" ind1=" " ind2=" ">
    <subfield code="a">Inventariado 2022 / MF</subfield>
  </datafield>
  <datafield tag="650" ind1=" " ind2="0">
    <subfield code="a">Ni&#xF1;os</subfield>
    <subfield code="x">crecimiento</subfield>
    <subfield code="9">73156</subfield>
  </datafield>
  <datafield tag="650" ind1=" " ind2="4">
    <subfield code="9">64439</subfield>
    <subfield code="a">Derechos de los ni&#xF1;os</subfield>
    <subfield code="z">Rep&#xFA;blica Dominicana</subfield>
  </datafield>
  <datafield tag="910" ind1=" " ind2=" ">
    <subfield code="a">MF</subfield>
  </datafield>
  <datafield tag="942" ind1=" " ind2=" ">
    <subfield code="2">ddc</subfield>
    <subfield code="c">LBS1</subfield>
  </datafield>
  <datafield tag="952" ind1=" " ind2=" ">
    <subfield code="0">0</subfield>
    <subfield code="1">0</subfield>
    <subfield code="2">ddc</subfield>
    <subfield code="5">1</subfield>
    <subfield code="7">0</subfield>
    <subfield code="8">DS</subfield>
    <subfield code="a">BNPHU</subfield>
    <subfield code="b">BNPHU</subfield>
    <subfield code="c">HD</subfield>
    <subfield code="d">2019-12-10</subfield>
    <subfield code="e">Dep&#xF3;sito legal / Editora B&#xFA;ho</subfield>
    <subfield code="l">0</subfield>
    <subfield code="o">P969g</subfield>
    <subfield code="p">2022-1857</subfield>
    <subfield code="r">2022-05-09</subfield>
    <subfield code="w">2022-05-09</subfield>
    <subfield code="y">LBS1</subfield>
  </datafield>
  <datafield tag="952" ind1=" " ind2=" ">
    <subfield code="0">0</subfield>
    <subfield code="1">0</subfield>
    <subfield code="2">ddc</subfield>
    <subfield code="5">1</subfield>
    <subfield code="7">0</subfield>
    <subfield code="8">DS</subfield>
    <subfield code="a">BNPHU</subfield>
    <subfield code="b">BNPHU</subfield>
    <subfield code="c">HD</subfield>
    <subfield code="d">2019-12-10</subfield>
    <subfield code="e">Dep&#xF3;sito legal / Editora B&#xFA;ho</subfield>
    <subfield code="l">0</subfield>
    <subfield code="o">P969g</subfield>
    <subfield code="p">2022-1858</subfield>
    <subfield code="r">2022-05-09</subfield>
    <subfield code="t">e.2</subfield>
    <subfield code="w">2022-05-09</subfield>
    <subfield code="y">LBS1</subfield>
  </datafield>
  <datafield tag="952" ind1=" " ind2=" ">
    <subfield code="0">0</subfield>
    <subfield code="1">0</subfield>
    <subfield code="2">ddc</subfield>
    <subfield code="5">6</subfield>
    <subfield code="7">0</subfield>
    <subfield code="8">DS</subfield>
    <subfield code="a">BNPHU</subfield>
    <subfield code="b">BNPHU</subfield>
    <subfield code="c">CT</subfield>
    <subfield code="d">2024-03-25</subfield>
    <subfield code="e">donaci&#xF3;n</subfield>
    <subfield code="l">0</subfield>
    <subfield code="o">BNPHU DS P969g</subfield>
    <subfield code="p">2024-1679</subfield>
    <subfield code="r">2024-03-25</subfield>
    <subfield code="t">e.3</subfield>
    <subfield code="w">2024-03-25</subfield>
    <subfield code="y">LBS1</subfield>
  </datafield>
  <datafield tag="999" ind1=" " ind2=" ">
    <subfield code="c">51660</subfield>
    <subfield code="d">51660</subfield>
  </datafield>
</record>
